| 000 | 00424 a2200133 4500 | ||
|---|---|---|---|
| 001 | 92274 | ||
| 082 | _aPR 2523 | ||
| 090 |
_c44222 _d44221 |
||
| 100 | _aTaufeeq Anwar; Prof Manzar Abbas and Nayyer Aafaq (Advisors) | ||
| 245 |
_aDevelopment of Software to Analyze FDCVR of F-7 Aircraft for Fault Diagnostics and Prognostics _n77 "B" EC |
||
| 260 |
_aIslamabad _bNUST _c2014 |
||
| 300 | _a78p. | ||
| 500 | _aBE Project Reports | ||
| 942 |
_aCAE NUST _kPR 2523 |
||
| 999 |
_c327347 _d327347 |
||